| 000 | 01651cam a2200349 i 4500 | ||
|---|---|---|---|
| 003 | SA-RiAUC | ||
| 005 | 20240927162326.0 | ||
| 008 | 240925s2002 su g b f01100 ara c | ||
| 020 | _a9960044068 | ||
| 024 | 0 | _a11000000005016 | |
| 040 |
_aSA-RiAUC _bara _cSA-RiAUC _erda |
||
| 082 | 0 | 4 |
_a253 _qSA-RiAUC |
| 090 |
_a253 _bخ ض ي |
||
| 100 | 1 |
_aالخضير، محمد بن عبد العزيز بن إبراهيم _eمؤلف. |
|
| 245 | 1 | 2 |
_aالتقويم في الفقه الإسلامي / _cإعداد محمد بن عبد العزيز بن إبراهيم الخضير. |
| 250 | _aالطبعة الأولى. | ||
| 264 | 1 |
_aالرياض : _bجامعة الإمام محمد بن سعود الإسلامية، _c2002 |
|
| 300 |
_a587 صفحة ؛ _c25 سم. |
||
| 336 |
_aنص _btxt _2rdacontent _3كتاب |
||
| 337 |
_aبدون وسيط _bn _2rdamedia |
||
| 338 |
_aمجلد _bnc _2rdacarrier |
||
| 490 | 0 |
_aسلسلة مشروع وزارة التعليم العالي لنشر ألف رسالة علمية ؛ _v42 |
|
| 500 | _aطبعت هذه السلسلة بمناسبة مرور مائة عام على تأسيس المملكة العربية السعودية. | ||
| 500 | _aكشافات : صفحة 512-534. | ||
| 500 | _aالأصل أطروحة (ماجستير)-جامعة الإمام بن سعود، كلية الشريعة، 1413 هـ. | ||
| 504 | _aببليوجرافية : صفحة 535-572. | ||
| 504 | _aيشتمل على إرجاعات ببليوجرافية. | ||
| 650 | 7 |
_aالمعاملات (فقه إسلامي) _2aucsh |
|
| 942 |
_2ddc _cBOOK _n0 |
||
| 949 |
_aSA-JeALM _d240925 _umohamedma123 _n1 |
||
| 999 |
_c592 _d592 |
||